NLSUI OPAC header image

Cases and materials on tort law and alternatives (Record no. 7510)

MARC details
000 -LEADER
fixed length control field 00447nam a2200157Ia 4500
008 - FIXED-LENGTH DATA ELEMENTS--GENERAL INFORMATION
fixed length control field 160316s1983 xxu||||| |||| 00| 0 eng d
082 ## - DEWEY DECIMAL CLASSIFICATION NUMBER
Classification number 346.030264
Item number FRA
100 ## - MAIN ENTRY--PERSONAL NAME
Personal name Franklin Mark A
245 ## - TITLE STATEMENT
Title Cases and materials on tort law and alternatives
250 ## - EDITION STATEMENT
Edition statement 3rd
260 ## - PUBLICATION, DISTRIBUTION, ETC.
Place of publication, distribution, etc. New York
Name of publisher, distributor, etc. The Foundation Press,Inc.
Date of publication, distribution, etc. 1983
300 ## - PHYSICAL DESCRIPTION
Extent 1006p
Other physical details
Dimensions
365 ## - TRADE PRICE
Price amount Gratis
650 ## - SUBJECT ADDED ENTRY--TOPICAL TERM
Topical term or geographic name entry element 1.Torts - Cases - Materials- U S A
700 ## - ADDED ENTRY--PERSONAL NAME
Personal name Rabin Robert L
--
Holdings
Withdrawn status Lost status Damaged status Not for loan Home library Current library Shelving location Date acquired Total Checkouts Full call number Barcode Date last seen Price effective from Koha item type
        . .   30.05.2017   346.030264 FRA 7731 30.05.2017 30.05.2017 BOOKs